| 000 | 00790nam a2200265 4500 | ||
|---|---|---|---|
| 001 | 1981 | ||
| 010 | _a9789897029677 | ||
| 021 |
_aPT _b515959/23 |
||
| 090 | _a1981 | ||
| 100 | _a20251119d2023 m||y0pory50030103ba | ||
| 101 | _apor | ||
| 102 | _aPT | ||
| 200 |
_aA busca do ideal _ehistória das ideias _fIsaiah Berlin _ged. Henry Hardy _gtrad. Maria José Figueiredo |
||
| 205 | _a1ª edição | ||
| 210 |
_aLisboa _cGuerra & Paz _d2023 |
||
| 215 |
_a263, [1] p. _d23 cm |
||
| 225 | _aOs livros não se rendem | ||
| 300 | _aBMB-Registado | ||
| 606 |
_91699 _aSistemas filosóficos |
||
| 675 |
_a141 _vBMB _zpor |
||
| 700 |
_aBerlin _bIsaiah _f1909-1997 _92842 |
||
| 702 |
_aHardy _bHenry _f1949- _4340 _92857 |
||
| 702 |
_aFigueiredo _bMaria José _f1963- _4730 _92858 |
||
| 801 |
_aPT _bBMB _gRPC |
||
| 990 | _cLIVROS | ||